BIBLIOTHÈQUE DE LA MAISON DU MEXIQUE

Logo 1 Logo 2

Le desmodernidad mexicana (notice nᵒ 10766)

détails MARC
000 -Sello discográfico
campo de control de longitud fija 01590nam a2200433 4500
005 - Identificación de versión
campo de control 20251016084515.0
010 ## - Número Estándar Internacional de Libros (ISBN)
Número (ISBN) 970-777-025-2
099 ## - fechas locales
Tipo de ítem Koha LIBRO
100 ## - Datos de procesamiento general
Datos de procesamiento general 20040217d2005 m y1spay5003 ba
105 ## - Campo de datos codificados: Material textual, monográfico
Datos codificados de monografía y 001zy
200 1# - Título y mención de responsabilidad
Título propio Le desmodernidad mexicana
Designación general del material texto impreso
Otra información del título y las alternativas a la violencia y a la exclusión en nuestros días
Primer mención de responsabilidad Sergio Zermeño
Declaración de responsabilidad subsiguiente edición Rogelio Carvajal Dávila
205 ## - Declaración de edición
Declaración de edición 1a ed
210 ## - Publicación, distribución, etc.
Lugar de publicación, distribución, etc. México
Nombre del editor, distribuidor, etc. Editorial Océano de México
Fecha de publicación, distribución, etc. 2005
215 ## - Descripción física
Designación de material específico y extensión del ítem 361 p
Dimensiones 23 cm
318 ## - Nota de acción
Acción No se presta a domicilio
320 ## - Nota de índices/bibliografías internas
Texto de la nota Incluye bibliohemerografía p.311-326 e índice analítico
345 ## - Nota de información de adquisición
Fuente de adquisición/dirección de la suscripción [OBSOLETO] Donación Sergio Zermeño García Granados
410 #1 - Series
Título Tiempo de México
Nombre de parte o sección Con una cierta mirada
606 ## - Término temático usado como materia
Elemento de entrada Globalización
Subdivisión temática Aspectos sociales
Subdivisión geográfica México
Número Koha 17267
606 ## - Término temático usado como materia
Elemento de entrada Marginación social
Subdivisión geográfica México
Número Koha 3019
607 ## - Nombre geográfico utilizado como tema
Elemento de entrada México
Subdivisión temática Condiciones económicas
Subdivisión cronológica Siglo XX
Número Koha 6236
607 ## - Nombre geográfico utilizado como tema
Elemento de entrada México
Subdivisión temática Condiciones sociales
Subdivisión cronológica Siglo XX
Número Koha 10977
660 ## - Código de área geográfica
Código MX
700 ## - Nombre personal - Responsabilidad primaria
Elemento de entrada Zermeño García Granados
Parte del nombre distinta del elemento de entrada Sergio
Fechas 1947-
Número Koha 131
702 ## - Nombre personal - Responsabilidad secundaria
Elemento de entrada Carvajal Dávila
Parte del nombre distinta del elemento de entrada Rogelio
Fechas 1955-
Número Koha 2517
801 #0 - Fuente de origen
Agencia cm
900 ## -
-- 1/6460
900 ## -
-- 7100418222\170204
942 ## - ELEMENTOS DE ENTRADA SECUNDARIOS (KOHA)
Tipo de ítem Koha Livre
996 ## -
-- MEX
-- 751145101
-- MMAG
-- 001997
-- R330.972 Z585D
-- 20200731LIV
996 ## -
-- MEX
-- 751145101
-- MMAG
-- 013010
-- 330.972 Z585D
-- 20250425LIV
Exemplaires
Estatus retirado Estado de daño Estado de pérdida Fecha de adquisición Biblioteca de origen Biblioteca actual Ubicación en estantería Código de barras Precio de reemplazo Signatura topográfica completa No para préstamo Tipo de ítem Koha Nota pública Nota no pública
      05/08/2025 Casa México Paris Casa México Paris   013010 05/08/2025 330.972 Z585D No se presta a domicilio Livre 20250425LIV 751145101